[Event "CZE-chT1E 1314"]
[Site "Czech Republic"]
[Date "2013.12.08"]
[Round "4.5"]
[White "Jedlicka, Ales"]
[Black "Holeksa, Zdenek"]
[Result "1-0"]
[WhiteElo "2199"]
[BlackElo "2181"]
[PlyCount "105"]
[EventDate "2013.10.20"]
[EventType "team-tourn"]
[EventRounds "11"]
[EventCountry "CZE"]
[SourceTitle "EXT 2015"]
[Source "ChessBase"]
[SourceDate "2014.11.20"]
[SourceVersion "1"]
[SourceVersionDate "2014.11.20"]
[SourceQuality "1"]
[WhiteTeam "Polabiny"]
[BlackTeam "Frydek Mistek II"]
[WhiteTeamCountry "CZE"]
[BlackTeamCountry "CZE"]

1. d4 Nf6 2. c4 e6 3. Nf3 b6 4. g3 Ba6 5. b3 Bb4+ 6. Bd2 Be7 7. Nc3 d5 8. cxd5 exd5 9. Bg2 0-0 10. 0-0 c5 11. dxc5 bxc5 12. Ne5 Bb7 13. Rc1 Nbd7 14. Nxd7 Qxd7 15. Na4 Rac8 16. Bg5 Ne4 17. Bxe4 Bxg5 18. Rxc5 Rxc5 19. Nxc5 Qc6 20. Nxb7 dxe4 21. Na5 Qa6 22. Qd5 h6 23. e3 Rd8 24. Qc5 Rc8 25. Qf5 g6 26. Qd7 Rd8 27. Qa4 Rd2 28. Qe8+ Kg7 29. Nc4 Rxa2 30. Qxe4 Qb5 31. h4 Bf6 32. Nd6 Qe5 33. Qc6 Be7 34. Ne8+ Kf8 35. Qc8 Rd2 36. Nd6+ Kg7 37. Nc4 Rc2 38. Qb7 Qc5 39. Qe4 Rc3 40. Rb1 Bf6 41. Qb7 Qf5 42. e4 Qf3 43. Qxa7 Qxe4 44. Qxf7+ Kxf7 45. Nd6+ Ke6 46. Nxe4 Rc6 47. Nxf6 Kxf6 48. b4 Rb6 49. b5 Ke6 50. Kg2 Kd6 51. Kf3 Kc7 52. Rc1+ Kb7 53. Rc6 1-0

[Event "CZE-chT1E 1213"]
[Site "Czech Republic"]
[Date "2013.04.21"]
[Round "11.5"]
[White "Karlik, Vladimir"]
[Black "Holeksa, Zdenek"]
[Result "1/2-1/2"]
[WhiteElo "2306"]
[BlackElo "2132"]
[PlyCount "87"]
[EventDate "2012.10.21"]
[EventType "team-tourn"]
[EventRounds "11"]
[EventCountry "CZE"]
[SourceTitle "EXT 2014"]
[Source "ChessBase"]
[SourceDate "2013.11.20"]
[SourceVersion "1"]
[SourceVersionDate "2013.11.20"]
[SourceQuality "1"]
[WhiteTeam "Kromeriz"]
[BlackTeam "Beskydy Chess School II"]
[WhiteTeamCountry "CZE"]
[BlackTeamCountry "CZE"]

1. d4 Nf6 2. Nf3 e6 3. Bf4 c5 4. e3 b6 5. Nbd2 Be7 6. Bd3 0-0 7. h3 Ba6 8. c4 Nc6 9. 0-0 Rc8 10. Re1 Nb4 11. Bf1 Bb7 12. a3 Na6 13. Qa4 d6 14. b4 Ra8 15. dxc5 bxc5 16. b5 Nc7 17. Qc2 Re8 18. e4 e5 19. Be3 Ne6 20. Bd3 Nh5 21. Qd1 g6 22. Nb3 Nhg7 23. Bd2 Rb8 24. Na5 Ba8 25. Rb1 Nf4 26. Bf1 f5 27. Nc6 Bxc6 28. bxc6 fxe4 29. Rxe4 Nfe6 30. Rxb8 Qxb8 31. Qa4 Rc8 32. Re3 Qa8 33. Bd3 Nf5 34. Re1 Qxc6 35. Qd1 Qa6 36. Qb1 Nfg7 37. Bc1 Rf8 38. Qb3 Qb6 39. Qa4 Qc7 40. Be4 Kh8 41. g3 Nf5 42. Bd5 Ned4 43. Nxd4 Nxd4 44. Bh6 1/2-1/2

[Event "CZE-chT1E 1213"]
[Site "Czech Republic"]
[Date "2013.04.07"]
[Round "10.7"]
[White "Holeksa, Zdenek"]
[Black "Sieber, Martin"]
[Result "1/2-1/2"]
[WhiteElo "2132"]
[BlackElo "2016"]
[PlyCount "70"]
[EventDate "2012.10.21"]
[EventType "team-tourn"]
[EventRounds "11"]
[EventCountry "CZE"]
[SourceTitle "EXT 2014"]
[Source "ChessBase"]
[SourceDate "2013.11.20"]
[SourceVersion "1"]
[SourceVersionDate "2013.11.20"]
[SourceQuality "1"]
[WhiteTeam "Beskydy Chess School II"]
[BlackTeam "Orlova Slavia"]
[WhiteTeamCountry "CZE"]
[BlackTeamCountry "CZE"]

1. e4 c6 2. d4 d5 3. e5 Bf5 4. c4 dxc4 5. Bxc4 e6 6. Nc3 Nd7 7. Nge2 Nb6 8. Bb3 Ne7 9. Nf4 Ned5 10. Ncxd5 Nxd5 11. Nxd5 exd5 12. 0-0 Be7 13. f4 0-0 14. Bc2 Bxc2 15. Qxc2 c5 16. Be3 Rc8 17. Qd2 f6 18. dxc5 fxe5 19. fxe5 Rxf1+ 20. Rxf1 Bxc5 21. Bxc5 Rxc5 22. Qf2 Qe7 23. Qd4 Rb5 24. Qxa7 h6 25. Qb8+ Kh7 26. Qd6 Qg5 27. Qa3 Qd2 28. Qf3 Rxb2 29. e6 Qd4+ 30. Kh1 Qe5 31. Qd3+ Kg8 32. Qg6 Rf2 33. Rc1 Qc7 34. Rd1 Rf6 35. Qh5 Qc4 1/2-1/2